Le Pietre Della Luna

Gardado en:
Detalles Bibliográficos
Autor Principal: Marco Buticchi
Formato: Libro
Idioma:lingua descoñecida ou non válida
Publicado: Tea
Tags: Engadir etiqueta
Sen Etiquetas, Sexa o primeiro en etiquetar este rexistro!

MARC

LEADER 00000nam a2200000Ia 4500
001 R-1176
003 CODICE-MESSINA
005 20260212102503.0
008 260211s9999 xx 000 0 und d
040 |c importazione_messina 
100 |a Marco Buticchi 
245 0 |a Le Pietre Della Luna 
260 |b Tea 
942 |2 ddc  |c BK 
952 |0 0  |1 0  |2 ddc  |4 0  |6 SCAFFALE_11_000000000000000__ROMANZI  |7 0  |9 32008  |a ME  |b ME  |d 2026-02-11  |l 0  |o SCAFFALE 11 - ROMANZI  |p R-1176  |r 2026-02-11 23:52:54  |w 2026-02-11  |x [REVISIONARE]  |y BK 
999 |c 27675  |d 27675